Statistics for Former Country Codes - FIFA World Cup

Click here to take the quiz!

General Stats

  • This quiz has been taken 28 times
  • The average score is 25 of 44

Answer Stats

CountryAnswer% Correct
BohemiaBOH
96%
BurmaBUR
96%
British GuianaBGU
92%
British IndiaBIN
92%
CeylonCEY
88%
RhodesiaRHO
88%
YugoslaviaYUG
84%
Commonwealth of Independent StatesCIS
80%
DahomeyDAH
80%
MalayaMAL
80%
SaarlandSAA
80%
SiamSIA
80%
TaiwanTAI
80%
FR YugoslaviaFRY
76%
SingaporeSIN
76%
ZaireZAI
76%
RomaniaROM
72%
SudanSUD
72%
United Arab RepublicUAR
72%
Mandatory PalestinePAL
68%
IrelandEIR
60%
Gold CoastGOC
60%
NetherlandsHOL
60%
Upper VoltaUPV
56%
Northern RhodesiaNRH
52%
New HebridesHEB
48%
Netherlands AntillesANT
44%
Southern RhodesiaSRH
44%
Central African RepublicCAF
36%
West GermanyFRG
36%
LebanonLIB
36%
East GermanyGDR
32%
KosovoKVX
32%
Serbia and MontenegroSCG
32%
South VietnamSVM
32%
Western SamoaWSM
32%
Soviet UnionURS
28%
CzechoslovakiaTCH
24%
Dutch East IndiesINH
20%
North VietnamDRV
16%
SurinameNGY
16%
TanganyikaTAA
16%
North YemenYAR
16%
South YemenYMD
16%

Score Distribution

Percentile by Number Answered

Percent of People with Each Score

Your Score History

You have not taken this quiz